Normal view
MARC view
Entry Personal Name
001 - CONTROL NUMBER
- control field: 22661
003 - CONTROL NUMBER IDENTIFIER
- control field: ARRUPE
005 - DATE AND TIME OF LATEST TRANSACTION
- control field: 20160301155658.0
008 - FIXED-LENGTH DATA ELEMENTS
- fixed length control field: 160301|| aca||aabn | a|a d
040 ## - CATALOGING SOURCE
- Original cataloging agency: ARRUPE
- Transcribing agency: ARRUPE
100 ## - HEADING--PERSONAL NAME
- Personal name: Kościuszko, Tadeusz,
- Dates associated with a name: 1746-1817.
670 ## - SOURCE DATA FOUND
- Source citation: Work cat.: (ARRUPE)0: Kopczewski, Jan Stanisław. 22660, Kościuszko and Pulaski /, 1976.